| 000 | 00980nam a2200241 i 4500 | ||
|---|---|---|---|
| 001 | 175318 | ||
| 003 | ES-MaACL | ||
| 005 | 20250806062551.0 | ||
| 007 | t| | ||
| 008 | 101021s1966 sp a ||||1| spa d | ||
| 080 | _a94(460)"17" | ||
| 100 | 1 |
_aNavarro Latorre, José. _985141 |
|
| 245 | 1 | 0 |
_aHace doscientos años _b: estado actual de los problemas históricos del "motín de Esquilache" / _cpor José Navarro Latorre. |
| 260 |
_aMadrid : _bAyuntamiento de Madrid, Delegación de Educación : _bInstituto de Estudios Madrileños, _c1966. |
||
| 300 |
_a54 p. : _bil. ; _c22 cm. |
||
| 490 | 1 |
_aAula de cultura. Curso sobre historia de Madrid ; _v11 |
|
| 650 | 4 |
_aEsquilache, Motín de, 1766. _9171415 |
|
| 651 | 4 |
_aEspaña- _xHistoria- _y1759-1788, Carlos III. _98240 |
|
| 710 | 2 |
_aInstituto de Estudios Madrileños _94916 |
|
| 830 | 1 |
_aAula de cultura. Curso sobre historia de Madrid ; _v11 _9189644 |
|
| 852 |
_aES-MaACL _j2260-F-10 _xOlim P-56 |
||
| 999 |
_c175318 _d175318 |
||